| 000 | 02497nam0a2200409 4500 | ||
|---|---|---|---|
| 001 | RU\NLR\BIBL_A\012675224 | ||
| 005 | 20220408180241.0 | ||
| 010 |
_a978-5-98946-351-0 _9100 |
||
| 021 |
_aRU _bКН-П-21-058204 _9КН-П-21-4539 |
||
| 035 | _a(NLR Aleph) 012675224 | ||
| 090 |
_a12797330 _c12797330 |
||
| 100 | _a20211223d2021 k y0rusy50 ca | ||
| 101 | 0 | _arus | |
| 102 | _aRU | ||
| 105 | _aa z 000zy | ||
| 181 | 0 |
_ai3 _baxxe |
|
| 182 | 0 | _an | |
| 200 | 1 |
_aФеномены природы и экология человека _eматериалы региональной научно-практической конференции 1991 г. _fРоссийской философское общество, Татарский комитет по исследованию феноменов природы и экологии человека _gнаучный редактор: доктор философии Р. Л. Исхаков |
|
| 203 |
_aТекст _bвизуальный _cнепосредственный |
||
| 205 | _aИзд. 2-е, доп. | ||
| 210 |
_aКазань _cБриг _d2021 |
||
| 215 |
_aXXIII, [5], 231 с. _cил., цв. ил. _d21 |
||
| 320 | _aБиблиогр. в конце ст. | ||
| 606 | 1 |
_aНетрадиционная медицина _jСъезды, совещания и т.п _2nlr_sh2 _3RU\NLR\AUTH\661468476 |
|
| 606 | 1 |
_aФилософия _xИстория _yСССР _xФилософские вопросы _jСъезды, совещания и т.п _2nlr_sh2 _3RU\NLR\AUTH\6601675313 |
|
| 606 | 1 |
_aПриродное и социальное _xФилософские вопросы _jСъезды, совещания и т.п _2nlr_sh1 _2nlr_sh2 _3RU\NLR\AUTH\661362233 |
|
| 686 | 1 | _aР358.9я431(2) | |
| 686 | 1 | _aЮ3(2)7в6я431 | |
| 686 | 1 | _aС550.01я431 | |
| 702 | 1 |
_aИсхаков _bР.Л. _f1948- _gРавиль Лутфуллович _3RU\NLR\AUTH\7716820 _4340 |
|
| 711 | 1 | 2 |
_a"Феномены природы и экология человека", региональная научно-практическая конференция _f1991 _eКазань _3RU\NLR\AUTH\880557964 |
| 712 | 0 | 2 |
_aРоссийское философское общество _3RU\NLR\AUTH\889997779 _4570 |
| 942 | _cBOOK | ||
| 980 | _aNB | ||